Mga dakilang lider na Pilipino / (Record no. 3434)
[ view plain ]
| 000 -LEADER | |
|---|---|
| fixed length control field | 00594nam a22002177a 4500 |
| 003 - CONTROL NUMBER IDENTIFIER | |
| control field | OSt |
| 005 - DATE AND TIME OF LATEST TRANSACTION | |
| control field | 20140310181756.0 |
| 008 - FIXED-LENGTH DATA ELEMENTS--GENERAL INFORMATION | |
| fixed length control field | 130227t xxu||||| |||| 00| 0 eng d |
| 020 ## - INTERNATIONAL STANDARD BOOK NUMBER | |
| International Standard Book Number | 9710856820 |
| 050 ## - LIBRARY OF CONGRESS CALL NUMBER | |
| Classification number | DS 653.7 |
| Item number | .L431 1994 |
| 082 ## - DEWEY DECIMAL CLASSIFICATION NUMBER | |
| Classification number | F923.1 |
| Item number | .L431 2004 |
| 100 ## - MAIN ENTRY--PERSONAL NAME | |
| Personal name | Lazaro, Isagani L. |
| 245 ## - TITLE STATEMENT | |
| Title | Mga dakilang lider na Pilipino / |
| Statement of responsibility, etc | Isagani L. Lazaro, |
| 250 ## - EDITION STATEMENT | |
| Edition statement | 5th ed. |
| 260 ## - PUBLICATION, DISTRIBUTION, ETC. (IMPRINT) | |
| Place of publication, distribution, etc | Mandaluyong City : |
| Name of publisher, distributor, etc | National Book Store, |
| Date of publication, distribution, etc | 1994. |
| 300 ## - PHYSICAL DESCRIPTION | |
| Extent | xix, 228 p. : |
| Other physical details | ill., |
| Dimensions | 22cm |
| 650 ## - SUBJECT ADDED ENTRY--TOPICAL TERM | |
| Topical term or geographic name as entry element | Filipino |
| General subdivision | Leaders |
| 942 ## - ADDED ENTRY ELEMENTS (KOHA) | |
| Source of classification or shelving scheme | Library of Congress Classification |
| Koha item type | Books |
| Call number prefix | Filipininana |
| Withdrawn status | Lost status | Source of classification or shelving scheme | Damaged status | Home library | Current library | Shelving location | Date acquired | Source of acquisition | Total Checkouts | Full call number | Barcode | Date last seen | Copy number | Price effective from | Koha item type |
|---|---|---|---|---|---|---|---|---|---|---|---|---|---|---|---|
| Library of Congress Classification | Luxembourg Library | Luxembourg Library | Filipiniana Section | 06/29/2013 | Donation | DS 653.7 .L431 2004 | 4692 | 08/13/2013 | 2 | 06/29/2013 | Books |